00310nam a2200109Ia 4500008004100000041000800041082001500049100003400064245005300098260004000151300000900191220803s9999 xx 000 0 und d aeng a720.47 PAT aPatil S K Ed. Bansode S Y Ed. aLibrary And Information Services In Changing Era aPunebDLA Information Sciencec2009 a476p